El Salvador Cities Quiz Stats

 Plays Quiz not verified by Sporcle

Support Sporcle.
Go Orange.
Score 0/64 Timer 08:00
0 Plays Today
Population Cities % Correct
316,090San Salvador
100%
204,340Santa Ana
82.4%
158,136San Miguel
82.4%
63,981Ahuachapán
64.7%
51,496Usulután
64.7%
49,129Sonsonate
64.7%
23,103La Libertad
64.7%
241,403Soyapango
58.8%
16,976Chalatenango
58.8%
140,751Mejicanos
52.9%
36,700San Vicente
52.9%
131,286Apopa
47.1%
108,840Santa Tecla (Nueva San Salvador)
47.1%
103,862Ilopango
47.1%
63,209San Marcos
47.1%
112,161Delgado
41.2%
47,695Chalchuapa
41.2%
41,072Cojutepeque
41.2%
42,127Zacatecoluca
35.3%
19,134Aguilares
35.3%
66,400Cuscatancingo
29.4%
25,237Acajutla
29.4%
91,212Colón
23.5%
78,158Tonacatepeque
23.5%
39,786Izalco
23.5%
36,162Quezaltepeque
23.5%
23,994Armenia
23.5%
16,530Nejapa
23.5%
14,594El Congo
23.5%
34,710Ayutuxtepeque
17.6%
25,005Sonzacate
17.6%
18,035Zaragoza
17.6%
Population Cities % Correct
14,227Guazapa
17.6%
13,640Santa Rosa de Lima
17.6%
41,483Ciudad Arce (Arce City)
11.8%
33,698Antiguo Cuscatlán
11.8%
20,864Atiquizaya
11.8%
16,164Panchimalco
11.8%
15,917Olocuilta
11.8%
13,218San Luis Talpa
11.8%
44,986Opico (San Juan Opico)
5.9%
33,589Nahuizalco
5.9%
18,046La Unión
5.9%
17,025Conchagua
5.9%
15,307San Francisco Gotera
5.9%
13,340Coatepeque
5.9%
66,004San Martín
0%
23,778Ilobasco
0%
20,270Jiquilisco
0%
19,982San Antonio del Monte
0%
19,356Metapán
0%
18,752Santo Tomás
0%
17,481San Sebastián Salitrillo
0%
15,395Sesuntepeque
0%
14,988San Pedro Perulapán
0%
14,339Santiago de María
0%
13,798Juayúa
0%
13,116San Pedro Masahuat
0%
12,396San Francisco Menéndez
0%
12,382Santiago Texacuangos
0%
12,013Santiago Nonualco
0%
10,737San José Villanueva
0%
10,476Tecoluca
0%
10,468Jucuapa
0%

You're not logged in!

Compare scores with friends on all Sporcle quizzes.
OR
Log In

From the Vault

-ven Definitions

by NO_r_WAY

Here's a 'ven' quiz that doesn't involve any overlapping circle diagrams.
Remove Ads.
Support Sporcle.
Get the best of Sporcle when you Go Orange. This ad-free experience offers more features, more stats, and more fun while also helping to support Sporcle. Thank you for becoming a member.

Show Comments

Extras

Top Quizzes Today


Score Distribution

Your Account Isn't Verified!

In order to create a playlist on Sporcle, you need to verify the email address you used during registration. Go to your Sporcle Settings to finish the process.

Report this User

Report this user for behavior that violates our Community Guidelines.

Details: